| 000 | 00749nam a2200193Ii 4500 | ||
|---|---|---|---|
| 003 | JO-AjNU | ||
| 008 | 230605s9999||||xx |||||||||||||| ||und|| | ||
| 040 |
_aJO-AjNU _bara _erda _cJO-AjNU |
||
| 041 | _aara | ||
| 050 | 1 | 4 | _aPJ7750.A25.Z54 1980 |
| 100 | 3 |
_aتأليف بكري،عطا, _eauthor _940225 |
|
| 245 | 0 | 0 | _aالفكر الديني عند أبي العلاء المعري |
| 264 | 3 | 1 | _aبيروت:دار مكتبة الحياة،1980 |
| 300 | _a181ص | ||
| 336 |
_atext _btxt _2rdacontent |
||
| 337 |
_aunmediated _bn _2rdamedia |
||
| 338 |
_avolume _bnc _2rdacarrier |
||
| 650 | 4 |
_aالشعر العربي - تاريخ ونقد - العصر العباسي الثاني - الفكر الديني - أبو العلاء المعري _940226 |
|
| 999 |
_aA17052 _c20620 _d20620 |
||